000 01216nam0a2200349 4500
001 RU\NLR\bibl\1234118
005 20250615114932.0
010 _a978-5-901066-42-3
_9350
021 _aRU
_b2008-25822
_91420
035 _a(NLR Aleph) 001220370
090 _a134552
_c134552
100 _a20080421d2007 |||y0rusy50 ca
101 0 _arus
102 _aRU
105 _aa |||||||||
200 1 _aЗаписки землемера
_fМ.Н. Парфенов
210 _aУфа
_cДаурия
_d2007
215 _a96 с.
_cил., портр., факс.
_d21
606 1 _aЗемлеустройство
_xИстория
_yБашкирия
_92523544
_3RU\NLR\auth\661495220
610 0 _aземлеустройство
_aистория
_aорганизация работы
675 _a332(091)(470.57)
_v4
686 _a68.75.37
_2rugasnti
686 _aУ32(2)-513-03(2Р-6Б)
686 _aУ32(28)-513
700 1 _aПарфенов
_bМ. Н.
_gМихаил Николаевич
_4070
801 0 _aRU
_bЦНСХБ РАСХН
_c20080421
_gRCR
801 1 _aRU
_bЦНСХБ РАСХН
_c20080523
_2rusmarc
801 2 _aRU
_bNLR
_c20080529
_grcr
942 _cBOOK
980 _aNB